| 000 | 00865 a2200253 4500 | ||
|---|---|---|---|
| 999 |
_c200131021 _d30310 |
||
| 001 | 200131021 | ||
| 003 | TR-AnTOB | ||
| 005 | 20200205145851.0 | ||
| 008 | 131215s2013 tu 001 0 | ||
| 020 | _a9786056382628 | ||
| 040 |
_aTR-AnTOB _cTR-AnTOB |
||
| 041 | _atur | ||
| 050 | 1 | 4 | _aKKX1155 |
| 090 |
_aKKX1155 _b.G695 2013 |
||
| 100 | 1 |
_aGözler, Kemal, _d1966- _961132 |
|
| 245 | 1 | 0 |
_aÖrnekleriyle Usulsüz Alıntı Sorunu : _bAdnan Küçük, Ahmet Nohutçu, Bilal Canatan, Nevzat Sönmez, Ali Rıza Çoban, Serdar Özgüldür, Fatih Dikici ve diğerlerinin kitapları hkkında eleştiriler / _cKemal Gözler. |
| 264 | 1 |
_aBursa : _c2013 |
|
| 300 |
_aXV 680 sayfa; _c23 cm. |
||
| 504 | _aKaynakça ve dizin içerir. | ||
| 650 | 0 |
_aIntellectual property _zTurkey _971502 |
|
| 650 | 0 |
_aFikri mülkiyet _zTürkiye _9126864 |
|
| 942 |
_cBK _2lcc |
||